Statistiken für Länder, die mit K beginnen

Klicken Sie hier um das Quiz zu spielen!

Allgemein

  • Dieses Quiz wurde 407 mal gespielt
  • Das Durchschnittsergebnis liegt bei 11 aus 15

Antwortstatistiken

Land% Korrekt
Kasachstan
89%
Kenia
86%
Kolumbien
85%
Kanada
83%
Kirgisistan
81%
Kroatien
74%
Kambodscha
72%
Kamerun
72%
Kuba
65%
Kiribati
64%
Katar
62%
Kuwait
62%
Komoren
60%
Kap Verde
57%
Kosovo
57%

Verteilung der Resultate

Perzentil nach korrekt beantworteten Fragen

Anzahl Personen mit jedem Resultat

Ihre Resultats-Entwicklung

Sie haben dieses Quiz noch nicht gespielt